header

Signifying bodies (Record no. 190555)

MARC details
000 -LEADER
fixed length control field 02157nam a2200409 a 4500
082 04 - DEWEY DECIMAL CLASSIFICATION NUMBER
Classification number 810.9/92087
100 1# - MAIN ENTRY--AUTHOR NAME
Personal name Couser, G. Thomas.
245 10 - TITLE STATEMENT
Title Signifying bodies
260 ## - PUBLICATION, DISTRIBUTION, ETC. (IMPRINT)
Place of publication Ann Arbor :
Name of publisher University of Michigan Press,
Year of publication c2009.
300 ## - PHYSICAL DESCRIPTION
Number of Pages viii, 204 p. :
Other physical details ill.
490 1# - SERIES STATEMENT
Series statement Corporealities
505 0# - FORMATTED CONTENTS NOTE
Formatted contents note Introduction: the some body memoir -- Paradigms cost: disability and cultural representation -- Rhetoric and self-representation in disability memoir -- Double exposure: performing conjoined twinship -- Identity, identicality, and life writing: telling (the silent) twins apart -- Autoethnography and developmental disability: riding the bus with my sister -- Disability as metaphor: what's wrong with Lying -- Lucy Grealy and the some body obituary -- Life writing and disability law: undoing hardship -- Epilogue: the new disability memoir.
650 #0 - SUBJECT ADDED ENTRY--TOPICAL TERM
Topical Term People with disabilities
Topical Term People with disabilities, Writings of, American.
Topical Term People with disabilities in literature.
Topical Term Autobiography.
856 40 - ELECTRONIC LOCATION AND ACCESS
Uniform Resource Identifier http://site.ebrary.com/lib/rucke/Doc?id=10395618

No items available.

© 2026 Rongo University
Contact us: librarian | system librarian | Rongo university